Vista normal Vista MARC

Entrada Geographic Name

Número de registros utilizados en: 1

001 - CONTROL NUMBER

  • control field: 14366

003 - CONTROL NUMBER IDENTIFIER

  • control field: OSt

005 - DATE AND TIME OF LATEST TRANSACTION

  • control field: 20210304135427.0

008 - FIXED-LENGTH DATA ELEMENTS

  • fixed length control field: 210304|| aca||aabn | a|a d

040 ## - CATALOGING SOURCE

  • Original cataloging agency: OSt
  • Transcribing agency: OSt

151 ## - HEADING--GEOGRAPHIC NAME

  • Geographic name: Antioquia (Colombia)
  • General subdivision: Vida social y costumbres

670 ## - SOURCE DATA FOUND

  • Source citation: Work cat.: (OSt)0: Valencia Llano, Albeiro autor 14362, Colonización antioqueña y vida cotidiana : , 2018.